洛阳市知识测验 自然名胜部分 Luoyang city quiz #1 - Statistics

General Stats
  • This quiz has been taken 16 times
  • The average score is 9 of 16
Answer Stats
问题 答案 % Correct
洛阳市的车牌代码 豫C
100%
东西向流经洛阳市中心的主要河流A 洛河
93%
洛阳市北侧的大型黄河水利枢纽工程 小浪底水利枢纽
87%
在洛阳南部市郊流过,向东北与A河合并的河流D 伊河
73%
此峡谷自隋朝起由于正对宫城正门,又被称为 龙门
67%
该山脉构成洛阳行政区划的南界,为黄河、淮河、汉江流域交点 伏牛山
67%
上述山脉主峰之一,道教名山,5A景区 老君山
67%
汉代一座重要关隘,遗址在C河流经新安县城附近处 函谷关
60%
洛阳盆地东南方的名山 嵩山
60%
河流C与汇入前A河的分水岭山脉,自古以交通要道著名 崤山
47%
洛阳市北郊,以帝王显贵陵墓群著名的山区 (北)邙山
47%
在洛阳市区东部流过,汇入A河北岸的较小河流B 瀍河
33%
峡谷间雕刻的石窟群中,最大的佛像高17.14米,名为 卢舍那大佛
33%
在洛阳市区西部流过,汇入A河北岸的河流C 涧河
27%
D河向北流入洛阳盆地时形成的小型峡谷(关口)被称为 伊阙(关)
20%
A与D河在中上游的分水岭山脉,秦岭余脉之一 熊耳山
20%
No matching quizzes found
Score Distribution
Percent of People with Each Score
Percentile by Number Answered
Your Score History
You have not taken this quiz